| Поле | Инд. | ПП | Название | Значение |
|---|---|---|---|---|
| Тип записи | a | |||
| Библиографический уровень | b | |||
| 001 | Контрольный номер | UNIDUBNAd1b1497c04f841c58892d920f78d774c | ||
| 005 | Дата корректировки | 20260527175236.6 | ||
| 040 | b | Код языка каталог. | rus | |
| 041 | 0_ | a | Код языка текста | rus |
| 084 | a | Индекс другой классификации/Индекс ББК | 63.3(2)62-36 | |
| 100 | 1_ | a | Автор | Исаев В. |
| q | Полное имя | Исаев Виктор | ||
| 245 | 10 | a | Заглавие | Как поймали самозванца |
| 520 | 0_ | a | Аннотация | Дополнение к очерку, опубликованному в журнале «Родина» за 2003 год, № 3, об истории с фальшивым "Героем Советского Союза" |
| 650 | 04 | a | Основная рубрика | история |
| 653 | 0_ | a | Ключевые слова | XX век |
| a | Ключевые слова | мошенничество | ||
| a | Ключевые слова | награды | ||
| a | Ключевые слова | правительственные награды | ||
| a | Ключевые слова | Россия | ||
| a | Ключевые слова | советский период | ||
| a | Ключевые слова | фальсификация | ||
| 773 | 18 | t | Заглавие источника | Родина |
| d | Дата издания источника | 2005 | ||
| g | Прочая информация | № 1. - С. 44-45 | ||
| w | Контрольный № источника | RU/IS/BASE/160754957 | ||
| 901 | t | Тип документа | b |